The noble scholar, jurist, historian


 His Excellency Dr. Abdul Wahhab bin Ibrahim Abu Sulaiman, may Allah have mercy on him.


 He was born in Umm Al-Qura in the year 1356 AH.

المنتقى من مخطوطات البيروني للدراسات الشرقية بطشقند / (Record no. 12984)

MARC details
000 -LEADER
fixed length control field 01080cam a2200229 i 4500
003 - CONTROL NUMBER IDENTIFIER
control field SA-RiAUC
005 - DATE AND TIME OF LATEST TRANSACTION
control field 20251103131450.0
008 - FIXED-LENGTH DATA ELEMENTS--GENERAL INFORMATION
fixed length control field 251009s1996 ts g c 000 0 ara c
040 ## - CATALOGING SOURCE
Original cataloging agency SA-JeALM
Language of cataloging ara
Transcribing agency SA-RiAUC
Description conventions rda
082 04 - DEWEY DECIMAL CLASSIFICATION NUMBER
Classification number 011.3109586
090 ## - LOCALLY ASSIGNED LC-TYPE CALL NUMBER (OCLC); LOCAL CALL NUMBER (RLIN)
Classification number (OCLC) (R) ; Classification number, CALL (RLIN) (NR) 011.3109586
Local cutter number (OCLC) ; Book number/undivided call number, CALL (RLIN) ف ر ف
100 1# - MAIN ENTRY--PERSONAL NAME
Personal name فرفور، عبد الرحمن،
Dates associated with a name 1955-
Relator term مؤلف.
245 12 - TITLE STATEMENT
Title المنتقى من مخطوطات البيروني للدراسات الشرقية بطشقند /
Statement of responsibility, etc. إعداد عبد الرحمن فرفور ، محمد مطيع الحافظ
250 ## - EDITION STATEMENT
Edition statement الطبعة الأولى.
264 #1 - PRODUCTION, PUBLICATION, DISTRIBUTION, MANUFACTURE, AND COPYRIGHT NOTICE
Place of production, publication, distribution, manufacture دبي :
-- طشقند :
Name of producer, publisher, distributor, manufacturer مركز جمعة الماجد للثقافة والتراث،
-- معهد البيروني للدراسات الشرقية.
Date of production, publication, distribution, manufacture, or copyright notice 1995
300 ## - PHYSICAL DESCRIPTION
Extent 180 صفحة ؛
Dimensions 24 سم.
336 ## - CONTENT TYPE
Content type term نص
Content type code txt
Source rdacontent
Materials specified كتاب
337 ## - MEDIA TYPE
Media type term بدون وسيط
Media type code n
Source rdamedia
610 27 - SUBJECT ADDED ENTRY--CORPORATE NAME
Corporate name or jurisdiction name as entry element معهد البيروني للدراسات الشرقية (طشقند)
Form subdivision فهارس
General subdivision مخطوطات
Source of heading or term aucnm
942 ## - ADDED ENTRY ELEMENTS (KOHA)
Source of classification or shelving scheme Dewey Decimal Classification
Koha item type Books
Suppress in OPAC No
949 ## - LOCAL PROCESSING INFORMATION (OCLC)
a SA-JeALM
d 251009
u osman123
n 1
Holdings
Withdrawn status Lost status Source of classification or shelving scheme Damaged status Not for loan Home library Current library Date acquired Total checkouts Full call number Barcode Date last seen Price effective from Koha item type
    Dewey Decimal Classification     DR AbdElwahab Library DR AbdElwahab Library 11/03/2025   011.3109586 ف ر ف 000020783 11/03/2025 11/03/2025 Books